000 00279nam a2200121Ia 4500
100 _aDev/R./ Kumar/R.P
942 _cBK
654 _aCalculations & Science
245 _aWorkshop Calculations & Science
260 _bNew Heights
_aNew Delhi
082 _a510
546 _aENGLISH
999 _c29403
_d29403